Mobile Legends: Seasonal skin - Statistics

General Stats
  • This quiz has been taken 37 times
    33 since last reset
  • The average score is 8 of 16
Answer Stats
Characters Skins % Correct
Alucard Fiery Inferno
71%
Nana Graveyard Party
71%
Franco Locomotive
71%
Fanny Punk Princess
68%
Estes White Crane
68%
Moskov Yasha
65%
Minotaur Orbiter
61%
Alpha Sea Gladiator
55%
Tigreal Wyrmslayer
55%
Pharsa Enchanting Witch
39%
Vexana Imprisoner
39%
Hylos Jungle Watcher
39%
Hilda Flower of the Wastes
35%
Sun (S15 First Purchase) Celestial Outlaw
29%
Akai (S14 First Purchase) Stream Recluse
19%
Bane Dictator
13%
No matching quizzes found
Score Distribution
Percent of People with Each Score
Percentile by Number Answered
Your Score History
You have not taken this quiz since the last reset